[Event "Online Olym Div3 E 2020"]
[Site "chess.com INT"]
[Date "2020.07.08"]
[Round "6.5"]
[Board "6"]
[White "Garcia Reyes, Alejandra Nicolle"]
[Black "Ramirez Luzon, Franchesca"]
[Result "1-0"]
[WhiteElo "1531"]
[BlackElo "1771"]
[WhiteTeam "Honduras"]
[BlackTeam "Dominican Republic"]
[WhiteFideId "8403023"]
[BlackFideId "6421792"]
[EventDate "2020.07.07"]
[EventType "team"]

1. c4 c5 2. Nc3 Nc6 3. Nf3 Nf6 4. g3 g6 5. Bg2 Bg7 6. d4 cxd4 7. Nxd4 Qb6 8. Be3
Ng4 9. Nd5 Qd8 10. Nb5 O-O 11. Bf4 d6 12. Bg5 h6 13. Bc1 a6 14. Nbc3 1-0

[Event "Online Olym Div3 E 2020"]
[Site "chess.com INT"]
[Date "2020.07.09"]
[Round "7.1"]
[Board "1"]
[White "Gavarrete, Nahun"]
[Black "Cu Hor, Winston Darwin"]
[Result "1-0"]
[WhiteTitle "FM"]
[BlackTitle "FM"]
[WhiteElo "2359"]
[BlackElo "2333"]
[WhiteTeam "Honduras"]
[BlackTeam "Guatemala"]
[WhiteFideId "8400709"]
[BlackFideId "7300662"]
[EventDate "2020.07.07"]
[EventType "team"]

1. c4 c5 2. Nc3 Nc6 3. Nf3 e5 4. g3 g6 5. Bg2 Bg7 6. O-O Nge7 7. d3 O-O 8. Ne1
d6 9. Nc2 Rb8 10. Ne3 a6 11. a4 Nb4 12. Ned5 Nexd5 13. Nxd5 Nxd5 14. Bxd5 Bh3
15. Re1 Kh8 16. Rb1 a5 17. Bd2 b6 18. e3 f5 19. Bc3 Qd7 20. d4 Rbe8 21. dxe5
dxe5 22. Qb3 Qc7 23. Rbd1 Rd8 24. Bg2 Bxg2 25. Kxg2 Qc6+ 26. Rd5 Rd7 27. Rd1
Rfd8 28. f3 Rxd5 29. Rxd5 Rxd5 30. cxd5 Qd6 31. e4 Kg8 32. Qb5 Kf7 33. Qa6 Bf8
34. Qb7+ Be7 35. f4 Ke8 36. fxe5 Qd7 37. Qxd7+ Kxd7 38. exf5 gxf5 39. Kf3 Bg5
40. h4 Bc1 41. e6+ Ke7 42. b3 Kd6 43. Be5+ Ke7 44. Bc7 1-0

[Event "Online Olym Div3 E 2020"]
[Site "chess.com INT"]
[Date "2020.07.09"]
[Round "7.1"]
[Board "2"]
[White "Lorenzana, Wilson Estuardo"]
[Black "Chinchilla, Alejandro Jose"]
[Result "1/2-1/2"]
[WhiteTitle "IM"]
[WhiteElo "2220"]
[BlackElo "2178"]
[WhiteTeam "Guatemala"]
[BlackTeam "Honduras"]
[WhiteFideId "7300239"]
[BlackFideId "8401136"]
[EventDate "2020.07.07"]
[EventType "team"]

1. e4 c5 2. Nf3 d6 3. d4 cxd4 4. Nxd4 Nf6 5. Nc3 a6 6. a3 e5 7. Nf5 d5 8. Bg5 d4
9. Bxf6 gxf6 10. Ne2 Qb6 11. b3 Qc6 12. Neg3 Qc3+ 13. Ke2 h5 14. h4 Be6 15. f3
Nd7 16. Kf2 d3 17. Bxd3 Bxa3 18. Kg1 O-O-O 19. Kh2 Bf8 20. Qe2 Nc5 21. Rhc1 Kb8
22. Bc4 Rd2 23. Qf1 Bxc4 24. bxc4 Bh6 25. Nxh6 Rxh6 26. Rd1 Rh8 27. Rxd2 Qxd2
28. Nf5 Rg8 29. Kh3 Qxc2 30. Rc1 Qb2 31. Rb1 Qc2 32. Rc1 Qb2 33. Rb1 Qc2 34. Rc1 1/2-1/2

[Event "Online Olym Div3 E 2020"]
[Site "chess.com INT"]
[Date "2020.07.09"]
[Round "7.1"]
[Board "3"]
[White "Figueroa, Any"]
[Black "Mencos, Claudia"]
[Result "0-1"]
[BlackTitle "WIM"]
[WhiteElo "1610"]
[BlackElo "1977"]
[WhiteTeam "Honduras"]
[BlackTeam "Guatemala"]
[WhiteFideId "8402817"]
[BlackFideId "7300573"]
[EventDate "2020.07.07"]
[EventType "team"]

1. Nf3 Nf6 2. d4 d5 3. g3 c6 4. Bg2 Bf5 5. O-O h6 6. c4 e6 7. Nc3 Nbd7 8. Re1
Be7 9. cxd5 exd5 10. Bf4 O-O 11. Rc1 Re8 12. Ne5 Bf8 13. Qb3 Qb6 14. Qxb6 axb6
15. a3 b5 16. e4 Nxe5 17. dxe5 Nxe4 18. Nxe4 dxe4 19. Bxe4 Bxe4 20. Rxe4 f5 21.
Ree1 g5 22. Bd2 Ra4 23. Bc3 Bg7 24. Rcd1 Re4 25. Rxe4 fxe4 26. Rd7 Bxe5 27. Bxe5
Rxe5 28. Rxb7 e3 29. fxe3 Rxe3 30. Kf2 Rb3 31. Rb8+ Kg7 32. Rb6 Rxb2+ 33. Kg1
Rc2 34. Ra6 Kg6 35. a4 bxa4 36. Rxa4 Kf5 37. Rd4 c5 38. Rd1 Kg4 39. Rf1 c4 40.
Rf2 Rxf2 41. Kxf2 c3 42. Ke2 c2 43. Kd2 Kh3 44. Kxc2 Kxh2 45. g4 Kg3 46. Kd3
Kxg4 47. Ke3 Kg3 48. Ke4 h5 49. Kf5 g4 50. Kg5 h4 51. Kf5 h3 0-1

[Event "Online Olym Div3 E 2020"]
[Site "chess.com INT"]
[Date "2020.07.09"]
[Round "7.1"]
[Board "4"]
[White "Mazariegos, Silvia Carolina"]
[Black "Torres Hernandez, Leslie Carolin"]
[Result "0-1"]
[WhiteTitle "WIM"]
[BlackTitle "WFM"]
[WhiteElo "1933"]
[BlackElo "1884"]
[WhiteTeam "Guatemala"]
[BlackTeam "Honduras"]
[WhiteFideId "7300115"]
[BlackFideId "8400504"]
[EventDate "2020.07.07"]
[EventType "team"]

1. d4 Nf6 2. Nc3 d5 3. Bg5 Nbd7 4. e3 h6 5. Bh4 e6 6. Qd2 a6 7. f4 c5 8. Nf3 b5
9. h3 Qc7 10. g4 b4 11. Nd1 Ne4 12. Qc1 f6 13. Bd3 g5 14. Bf2 Bd6 15. fxg5 hxg5
16. Bxe4 dxe4 17. Nd2 Bb7 18. c3 a5 19. Nc4 Bg3 20. Qd2 Bd5 21. b3 a4 22. Rc1
axb3 23. axb3 Bxc4 24. bxc4 b3 25. Qb2 Bxf2+ 26. Kxf2 Ra2 0-1

[Event "Online Olym Div3 E 2020"]
[Site "chess.com INT"]
[Date "2020.07.09"]
[Round "7.1"]
[Board "5"]
[White "Miller, Marlon"]
[Black "Garcia Y., Brayan Alexis"]
[Result "0-1"]
[WhiteTitle "FM"]
[WhiteElo "2092"]
[BlackElo "1847"]
[WhiteTeam "Honduras"]
[BlackTeam "Guatemala"]
[WhiteFideId "8400555"]
[BlackFideId "7303041"]
[EventDate "2020.07.07"]
[EventType "team"]

1. d4 d5 2. Nf3 Nf6 3. c4 e6 4. g3 Bb4+ 5. Bd2 Qe7 6. Bg2 O-O 7. O-O c5 8. Bxb4
cxb4 9. Nbd2 Nc6 10. Rc1 Bd7 11. Re1 Rfd8 12. e4 dxe4 13. Nxe4 Nxe4 14. Rxe4 Qd6
15. Qe2 Rac8 16. Rh4 Qe7 17. Qe4 f5 18. Qe3 Be8 19. Ng5 Nxd4 20. Rxd4 Rxd4 21.
Qxd4 Qxg5 22. Re1 Rd8 23. Qxa7 Qd2 24. Rxe6 Qd1+ 25. Bf1 Bf7 26. Qe3 Bxe6 27.
Qxe6+ Kh8 28. Qxf5 Qd2 29. Kg2 Qxb2 30. Bd3 g6 31. Qf4 Qd4 32. Be4 Kg7 33. Qf3
Rf8 34. Qe2 Re8 35. f3 g5 36. Qc2 g4 37. Bxh7 gxf3+ 38. Kxf3 Qe3+ 39. Kg4 Qe2+
40. Qxe2 Rxe2 41. Bd3 Rxa2 42. h4 b3 43. h5 b2 44. Kg5 Ra3 45. h6+ Kh8 46. Bf5
Ra5 0-1

[Event "Online Olym Div3 E 2020"]
[Site "chess.com INT"]
[Date "2020.07.09"]
[Round "7.2"]
[Board "1"]
[White "Alfaro, William"]
[Black "Araujo Sanchez, Josue"]
[Result "1/2-1/2"]
[WhiteTitle "FM"]
[BlackTitle "IM"]
[WhiteElo "2135"]
[BlackElo "2337"]
[WhiteTeam "Nicaragua"]
[BlackTeam "Dominican Republic"]
[WhiteFideId "6100457"]
[BlackFideId "6416896"]
[EventDate "2020.07.07"]
[EventType "team"]

1. d4 Nf6 2. Nf3 d5 3. c4 e6 4. Nc3 a6 5. cxd5 exd5 6. Bg5 Be6 7. e3 Nbd7 8. Be2
Bd6 9. O-O c6 10. Qc2 Qc7 11. Rfc1 O-O 12. Rab1 Rfc8 13. b4 h6 14. Bxf6 Nxf6 15.
Na4 Ne4 16. Nc5 1/2-1/2

[Event "Online Olym Div3 E 2020"]
[Site "chess.com INT"]
[Date "2020.07.09"]
[Round "7.2"]
[Board "2"]
[White "Polanco Nunez, Yoel Estarling"]
[Black "Ortiz, Marcos"]
[Result "0-1"]
[WhiteTitle "CM"]
[WhiteElo "2196"]
[BlackElo "2191"]
[WhiteTeam "Dominican Republic"]
[BlackTeam "Nicaragua"]
[WhiteFideId "6401783"]
[BlackFideId "6100678"]
[EventDate "2020.07.07"]
[EventType "team"]

1. d4 Nf6 2. c4 g6 3. Nc3 Bg7 4. Nf3 O-O 5. e4 d6 6. Be2 Na6 7. O-O e5 8. Be3
Ng4 9. Bg5 Qe8 10. d5 h6 11. Bh4 f5 12. exf5 Bxf5 13. Nd2 Nf6 14. Bxf6 Bxf6 15.
Nde4 Nc5 16. Bd3 Nxd3 17. Qxd3 a6 18. Qe2 Bg7 19. a4 g5 20. b4 Qg6 21. a5 g4 22.
b5 h5 23. bxa6 bxa6 24. Rab1 Rf7 25. Rb7 h4 26. Rfb1 Kh7 27. Rb8 Rxb8 28. Rxb8
Qh6 29. Qd2 Qxd2 30. Nxd2 e4 31. Ncxe4 Re7 32. f3 h3 33. Kf1 Kg6 34. Rb3 gxf3
35. gxf3 Be5 36. Ng3 Bc2 37. Re3 Rh7 38. Nde4 Bd4 39. Ra3 Rf7 40. Nf2 Rh7 41.
Ra2 Bb3 42. Rd2 Bxc4+ 43. Kg1 Be3 44. Rd1 Rf7 45. Nf1 Bxf1 46. Kxf1 Rxf3 47. Ke2
Rxf2+ 48. Kxe3 Rxh2 0-1

[Event "Online Olym Div3 E 2020"]
[Site "chess.com INT"]
[Date "2020.07.09"]
[Round "7.2"]
[Board "3"]
[White "Granados Diaz, Maria Esther"]
[Black "Castillo Pena, Patricia Evarista"]
[Result "0-1"]
[WhiteTitle "WIM"]
[BlackTitle "WCM"]
[WhiteElo "1839"]
[BlackElo "1770"]
[WhiteTeam "Nicaragua"]
[BlackTeam "Dominican Republic"]
[WhiteFideId "6101488"]
[BlackFideId "6412106"]
[EventDate "2020.07.07"]
[EventType "team"]

1. e4 c5 2. Nf3 d6 3. d4 cxd4 4. Nxd4 Nf6 5. Nc3 a6 6. Bg5 e6 7. f4 h6 8. Bh4
Qb6 9. a3 Be7 10. Bf2 Qc7 11. Qf3 Nbd7 12. O-O-O b5 13. Bd3 Bb7 14. Rhe1 Rc8 15.
Qh3 Nc5 16. e5 dxe5 17. fxe5 Nd5 18. Bxb5+ axb5 19. Ndxb5 Qb8 20. b4 Nxc3 21.
Nxc3 Nd7 22. Qg3 Qc7 23. Bd4 O-O 24. Re2 Nb6 25. Ne4 Bxe4 26. c3 Bg5+ 27. Kb2
Nc4+ 28. Kb3 Bd5 29. Kc2 Nxa3+ 30. Kb2 Nc4+ 31. Kc2 Ra8 32. Kd3 Ra3 33. h4 Be7
34. h5 Rfa8 35. Rc2 Ra2 36. Rdc1 Rxc2 37. Rxc2 Ra3 38. Ke2 Qb7 39. Kf2 Qa6 40.
Kg1 Ra1+ 41. Kh2 Ra2 42. Rf2 Rxf2 43. Qxf2 Qa3 44. b5 Qb3 45. b6 Bd8 0-1

[Event "Online Olym Div3 E 2020"]
[Site "chess.com INT"]
[Date "2020.07.09"]
[Round "7.2"]
[Board "4"]
[White "Gonzalez Peguero, Mary Loly"]
[Black "Martinez Orozco, Cristiana Yorlene"]
[Result "1-0"]
[WhiteElo "1697"]
[BlackElo "1450"]
[WhiteTeam "Dominican Republic"]
[BlackTeam "Nicaragua"]
[WhiteFideId "6421482"]
[BlackFideId "6107079"]
[EventDate "2020.07.07"]
[EventType "team"]

1. Nf3 c6 2. g3 d5 3. Bg2 Nf6 4. d3 g6 5. c3 Bg7 6. O-O O-O 7. Qa4 Bf5 8. Qh4
Re8 9. Bg5 Nbd7 10. Nbd2 Qc7 11. Nd4 Be6 12. Nxe6 fxe6 13. e4 Nc5 14. d4 Ncxe4
15. Nxe4 Nxe4 16. Bxe4 dxe4 17. Qxe4 Kh8 18. Qxe6 Qb6 19. Qb3 Qc7 20. Rfe1 c5
21. dxc5 e5 22. Be3 Rad8 23. Rad1 Rxd1 24. Rxd1 Qc6 25. Qd5 Qc8 26. Qd7 Kg8 27.
Qxc8 Rxc8 28. Rd7 1-0

[Event "Online Olym Div3 E 2020"]
[Site "chess.com INT"]
[Date "2020.07.09"]
[Round "7.2"]
[Board "5"]
[White "Espinoza Solano, Jose Nahum"]
[Black "Pacheco Marte, Sergio Andres"]
[Result "0-1"]
[WhiteElo "2082"]
[BlackElo "1865"]
[WhiteTeam "Nicaragua"]
[BlackTeam "Dominican Republic"]
[WhiteFideId "6104428"]
[BlackFideId "6421644"]
[EventDate "2020.07.07"]
[EventType "team"]

1. e4 c5 2. Nf3 Nc6 3. d4 cxd4 4. Nxd4 Nf6 5. Nc3 e5 6. Ndb5 d6 7. Bg5 a6 8. Na3
b5 9. Bxf6 gxf6 10. Nd5 f5 11. Bxb5 axb5 12. Nxb5 Ra5 13. Nbc7+ Kd7 14. O-O Ne7
15. b4 Nxd5 16. Nxd5 Ra7 17. Qh5 Ke8 18. b5 fxe4 19. b6 Rb7 20. a4 Be6 21. Nc7+
Rxc7 22. bxc7 Qxc7 23. a5 Be7 24. a6 Kd7 25. Rfb1 Ra8 26. Qe2 Ra7 27. Qb5+ Kd8
28. h3 Bc4 29. Qb8+ Qxb8 30. Rxb8+ Kd7 31. Rb4 d5 32. Rb6 Bd6 33. Rab1 Rxa6 34.
Rxa6 Bxa6 35. Rb6 Bc4 36. g4 d4 37. Rb7+ Ke6 38. Rb1 d3 39. cxd3 exd3 40. Kg2 d2
41. Kf3 Bb3 42. Ke2 d1=Q+ 43. Rxd1 Bxd1+ 44. Kxd1 Kd5 0-1

[Event "Online Olym Div3 E 2020"]
[Site "chess.com INT"]
[Date "2020.07.09"]
[Round "7.2"]
[Board "6"]
[White "Sanchez Marcelino, Jennifer"]
[Black "Munoz Cortez, Anahi Alexandra"]
[Result "1-0"]
[WhiteElo "1614"]
[BlackElo "1284"]
[WhiteTeam "Dominican Republic"]
[BlackTeam "Nicaragua"]
[WhiteFideId "6420176"]
[BlackFideId "6109527"]
[EventDate "2020.07.07"]
[EventType "team"]

1. e4 e5 2. Nf3 Nc6 3. Bb5 a6 4. Ba4 b5 5. Bb3 Bc5 6. c3 d6 7. d4 exd4 8. cxd4
Bb6 9. Ng5 Be6 10. d5 h6 11. dxe6 fxe6 12. Nxe6 Qf6 13. O-O Nge7 14. Nc3 Ng6 15.
Be3 Na5 16. Bxb6 cxb6 17. Nc7+ Kd7 18. Nxa8 Rxa8 19. Nd5 Qd8 20. Qg4+ Kc6 21.
Qxg6 Ra7 22. Rac1+ Kb7 23. Rc7+ Kb8 24. Rxa7 Kxa7 25. Qxg7+ Nb7 26. Rc1 Kb8 27.
Qc7+ Qxc7 28. Rxc7 Nc5 29. Re7 Kc8 30. Nxb6+ Kd8 31. Rh7 Nxe4 32. f3 Nc5 33. Bd5
h5 34. Kf2 a5 35. Ke3 h4 36. a3 b4 37. axb4 axb4 38. Kd4 b3 39. f4 h3 40. gxh3
Ke8 41. f5 Kf8 42. f6 Ke8 43. f7+ Kf8 44. Rh8+ Kg7 45. f8=Q+ Kg6 46. Rg8+ Kh5
47. Qf5+ Kh6 48. Qg6# 1-0

[Event "Online Olym Div3 E 2020"]
[Site "chess.com INT"]
[Date "2020.07.09"]
[Round "7.3"]
[Board "1"]
[White "Sanchez Alvarez, Roberto Carlos"]
[Black "Valdes Romero, Leonardo"]
[Result "1-0"]
[WhiteTitle "IM"]
[BlackTitle "IM"]
[WhiteElo "2409"]
[BlackElo "2402"]
[WhiteTeam "Panama"]
[BlackTeam "Costa Rica"]
[WhiteFideId "3508684"]
[BlackFideId "6500331"]
[EventDate "2020.07.07"]
[EventType "team"]

1. e4 d6 2. d4 Nf6 3. Nc3 e5 4. Nf3 Nbd7 5. Bc4 Be7 6. O-O O-O 7. a4 c6 8. Re1
b6 9. h3 a6 10. Ba2 Rb8 11. Be3 b5 12. axb5 axb5 13. b4 Qc7 14. Qd3 Nb6 15. Bb3
h6 16. Ra2 Re8 17. Rea1 Rb7 18. d5 cxd5 19. Bxb6 Qxb6 20. Nxd5 Nxd5 21. Bxd5 Rb8
22. Qb3 Rf8 23. Ra7 Bb7 24. R1a5 Bf6 25. Qd3 Bxd5 26. Qxd5 Rbc8 27. R5a6 Qd8 28.
Rxd6 Qe8 29. Rdd7 Rxc2 30. Qxb5 Qe6 31. Qb7 Qc4 32. Rc7 Rc1+ 33. Kh2 Qf1 34.
Rxc1 Qxc1 35. b5 Qf4+ 36. Kh1 Qc1+ 37. Ng1 Bh4 38. g3 Bg5 39. b6 Qb2 40. Ra8
Rxa8 41. Qxa8+ Kh7 42. b7 Qxf2 43. b8=Q Be3 44. Qb1 Qxg3 45. Qaa2 Bxg1 46. Qg2
Qxg2+ 47. Kxg2 Be3 48. Qb7 Kg6 49. Qd7 f6 50. Kf3 Bf4 51. Qf5+ Kf7 52. h4 Bh2
53. h5 Bf4 54. Ke2 Bg5 55. Kd3 Bf4 56. Kc4 1-0

[Event "Online Olym Div3 E 2020"]
[Site "chess.com INT"]
[Date "2020.07.09"]
[Round "7.3"]
[Board "2"]
[White "Minero Pineda, Sergio"]
[Black "Baules, Jorge"]
[Result "1-0"]
[WhiteTitle "IM"]
[BlackTitle "IM"]
[WhiteElo "2365"]
[BlackElo "2355"]
[WhiteTeam "Costa Rica"]
[BlackTeam "Panama"]
[WhiteFideId "6500374"]
[BlackFideId "6600247"]
[EventDate "2020.07.07"]
[EventType "team"]

1. Nf3 Nf6 2. c4 g6 3. g3 Bg7 4. Bg2 c5 5. O-O O-O 6. d4 cxd4 7. Nxd4 Nc6 8. Nc3
Qa5 9. Nb3 Qh5 10. h3 d6 11. g4 Bxg4 12. hxg4 Nxg4 13. Bf4 Be5 14. Qd2 g5 15.
Bxe5 Ncxe5 16. Rfc1 Nxc4 17. Qd3 Qh2+ 18. Kf1 Nce3+ 19. fxe3 Qg3 20. Nd1 f5 21.
Rc4 Rf6 22. Nd4 Raf8 23. Nf3 Kh8 24. Rac1 e5 25. Rc8 e4 26. Rxf8+ Rxf8 27. Qd4+
Rf6 28. Nd2 Nh2+ 29. Kg1 Ng4 30. Rc7 Qe1+ 31. Nf1 Qxe2 32. Rf7 Kg8 33. Rxf6 Nxf6
34. Qxf6 Qxd1 35. Qxg5+ 1-0

[Event "Online Olym Div3 E 2020"]
[Site "chess.com INT"]
[Date "2020.07.09"]
[Round "7.3"]
[Board "3"]
[White "Carrillo Marval, Maria Angelica"]
[Black "Hernandez Alvarez, Tania Regla"]
[Result "1/2-1/2"]
[WhiteTitle "WCM"]
[BlackTitle "WIM"]
[WhiteElo "1730"]
[BlackElo "2041"]
[WhiteTeam "Panama"]
[BlackTeam "Costa Rica"]
[WhiteFideId "3911853"]
[BlackFideId "3501442"]
[EventDate "2020.07.07"]
[EventType "team"]

1. e4 g6 2. d4 Bg7 3. Nc3 c5 4. dxc5 Qa5 5. Bd2 Qxc5 6. Bd3 Nf6 7. Nf3 O-O 8.
Qe2 d6 9. h3 a6 10. O-O b5 11. a3 Bb7 12. Rfe1 Nbd7 13. Be3 Qc7 14. Bd4 Rfc8 15.
Rad1 Qa5 16. Nh2 b4 17. Nb1 bxa3 18. Nxa3 Ne5 19. Nc4 Nxc4 20. Bxc4 Qb4 21. Bb3
Nxe4 22. Bxg7 Kxg7 23. Nf3 Qc5 24. Rd4 Nf6 25. Rc4 Qb5 26. Rxc8 Qxe2 27. Rxe2
Rxc8 28. Rxe7 Bxf3 29. Rxf7+ Kh6 30. gxf3 Re8 31. Rxf6 Re1+ 32. Kg2 Rd1 33. Rf4
Rb1 34. Ra4 Rxb2 35. Rxa6 d5 36. Rd6 Rb1 37. Rxd5 Re1 38. Rd3 Rc1 39. c4 Kg5 40.
Rd5+ Kf6 41. c5 Ke7 42. Ba4 Ke6 43. Rd6+ Ke5 44. Rd7 Rxc5 45. Rxh7 Kf6 46. Bd7
Rg5+ 47. Bg4 Ra5 48. Rc7 Kg5 49. Kg3 Ra2 50. h4+ Kf6 51. Rc6+ Kg7 52. f4 Ra1 53.
Rc7+ Kf6 54. Rc6+ Kg7 55. Rc7+ Kf6 56. Rc6+ Kg7 1/2-1/2

[Event "Online Olym Div3 E 2020"]
[Site "chess.com INT"]
[Date "2020.07.09"]
[Round "7.3"]
[Board "4"]
[White "Castillo Morales, Thais"]
[Black "Barria Baker, Raisa Melissa"]
[Result "1/2-1/2"]
[WhiteTitle "WIM"]
[BlackTitle "WFM"]
[WhiteElo "1846"]
[BlackElo "1955"]
[WhiteTeam "Costa Rica"]
[BlackTeam "Panama"]
[WhiteFideId "6507395"]
[BlackFideId "6600336"]
[EventDate "2020.07.07"]
[EventType "team"]

1. c4 c6 2. g3 d5 3. Bg2 Nf6 4. Nf3 e6 5. O-O Be7 6. b3 O-O 7. Bb2 Nbd7 8. e3 b5
9. Nd4 Qb6 10. cxb5 cxb5 11. Nc3 a6 12. Rc1 Bb7 13. a4 b4 14. Nce2 Nc5 15. d3
Rac8 16. Nf3 a5 17. d4 Nce4 18. Nd2 Nd6 19. Nf4 Ba6 20. Re1 Rxc1 21. Qxc1 Rc8
22. Qb1 h6 23. Rc1 Qb8 24. h4 Rxc1+ 25. Qxc1 Qc8 26. Qxc8+ Nxc8 27. Bf1 Bxf1 28.
Kxf1 Nd6 29. f3 Nf5 30. Kf2 g5 31. hxg5 hxg5 32. Nd3 g4 33. Ne5 gxf3 34. Kxf3
Bd6 1/2-1/2

[Event "Online Olym Div3 E 2020"]
[Site "chess.com INT"]
[Date "2020.07.09"]
[Round "7.3"]
[Board "5"]
[White "Mendez, Andre"]
[Black "Quesada Leon, Joshua"]
[Result "1-0"]
[WhiteElo "1651"]
[BlackElo "1839"]
[WhiteTeam "Panama"]
[BlackTeam "Costa Rica"]
[WhiteFideId "6603793"]
[BlackFideId "6513166"]
[EventDate "2020.07.07"]
[EventType "team"]

1. e4 c5 2. Nc3 Nc6 3. f4 e6 4. Nf3 d5 5. d3 Nf6 6. e5 Nd7 7. g3 b5 8. Bg2 b4 9.
Ne2 a5 10. O-O Be7 11. c3 bxc3 12. bxc3 Rb8 13. d4 O-O 14. Be3 cxd4 15. cxd4 Nb6
16. Nd2 Ba6 17. g4 Nc4 18. Nxc4 Bxc4 19. f5 Rb2 20. Rf2 Bg5 21. Nf4 Rxf2 22.
Kxf2 Nb4 23. Kg1 Nd3 24. Qd2 Nxf4 25. Bxf4 Bxf4 26. Qxf4 Qb6 27. f6 gxf6 28.
exf6 Kh8 29. Re1 Rg8 30. h3 Qb8 31. Qf2 Rg6 32. Re5 Qd8 33. g5 Qg8 34. h4 h6 35.
Qf4 Bxa2 36. Bf3 Bc4 37. Bh5 a4 38. Bxg6 Qxg6 39. Kf2 Qc2+ 40. Kg3 a3 41. gxh6
Qg6+ 42. Qg5 Qd3+ 43. Re3 1-0

[Event "Online Olym Div3 E 2020"]
[Site "chess.com INT"]
[Date "2020.07.09"]
[Round "7.3"]
[Board "6"]
[White "Salazar Gould, Melanie"]
[Black "Vasquez Jaen, Lourdes Lorena"]
[Result "1-0"]
[WhiteTitle "WFM"]
[WhiteElo "1957"]
[BlackElo "1539"]
[WhiteTeam "Costa Rica"]
[BlackTeam "Panama"]
[WhiteFideId "6505090"]
[BlackFideId "6605559"]
[EventDate "2020.07.07"]
[EventType "team"]

1. e4 e5 2. d4 exd4 3. Bc4 Nf6 4. Nf3 Bb4+ 5. c3 dxc3 6. O-O O-O 7. a3 Be7 8.
Nxc3 d6 9. h3 Nc6 10. Bf4 h6 11. Qc2 Be6 12. Bd5 Bxd5 13. exd5 Nb8 14. Rac1 Nbd7
15. Rfd1 a6 16. b4 Re8 17. a4 Bf8 18. a5 g6 19. Qd2 Kh7 20. Re1 Bg7 21. Rxe8
Qxe8 22. Nd1 Rc8 23. Ne3 Ne4 24. Qe2 Ne5 25. Nxe5 Bxe5 26. Qf3 Bxf4 27. Qxf4 Nf6
28. Qxf6 Qf8 29. Qc3 Qe7 30. Ng4 1-0

[Event "Online Olym Div3 E 2020"]
[Site "chess.com INT"]
[Date "2020.07.09"]
[Round "7.4"]
[Board "1"]
[White "Farley, Terry"]
[Black "Ibarra Chami, Luis Fernando"]
[Result "0-1"]
[WhiteTitle "IM"]
[BlackTitle "GM"]
[WhiteElo "2219"]
[BlackElo "2447"]
[WhiteTeam "Barbados"]
[BlackTeam "Mexico"]
[WhiteFideId "11100095"]
[BlackFideId "5105048"]
[EventDate "2020.07.07"]
[EventType "team"]

1. c4 e6 2. g3 d5 3. Bg2 Nf6 4. Nf3 dxc4 5. Qa4+ Nbd7 6. Qxc4 a6 7. Qc2 c5 8.
O-O Be7 9. b3 O-O 10. Bb2 Ra7 11. d4 b6 12. Ne5 Nxe5 13. dxe5 Nd5 14. Nd2 Rd7
15. Rfd1 Bb7 16. a3 b5 17. Ne4 Qb6 18. Rd2 c4 19. bxc4 Ne3 20. Rxd7 Nxc2 21.
Rxb7 Qxb7 22. Nf6+ gxf6 23. Bxb7 Nxa1 24. exf6 Bd6 25. cxb5 Nb3 26. bxa6 Bc5 27.
Bc3 Nd4 28. Bb4 Bxb4 29. axb4 Nb5 30. Bc6 Na7 31. b5 Nxc6 32. bxc6 Ra8 33. c7
Kf8 34. Kg2 Ke8 35. Kh3 Kd7 36. Kh4 Rxa6 37. Kh5 Ra2 38. Kh6 Rxe2 39. Kg7 Rxf2
40. h4 e5 41. Kxf7 e4 42. g4 e3 43. g5 e2 44. h5 e1=Q 45. c8=Q+ Kxc8 46. g6 Kd7
47. Kg7 Qe5 0-1

[Event "Online Olym Div3 E 2020"]
[Site "chess.com INT"]
[Date "2020.07.09"]
[Round "7.4"]
[Board "2"]
[White "Capo Vidal, Uriel"]
[Black "Blackman, Justin"]
[Result "1/2-1/2"]
[WhiteTitle "IM"]
[BlackTitle "FM"]
[WhiteElo "2334"]
[BlackElo "2192"]
[WhiteTeam "Mexico"]
[BlackTeam "Barbados"]
[WhiteFideId "5105382"]
[BlackFideId "11100516"]
[EventDate "2020.07.07"]
[EventType "team"]

1. d4 Nf6 2. c4 e6 3. Nc3 Bb4 4. f3 c5 5. d5 d6 6. e4 O-O 7. Ne2 b5 8. Nf4 e5 9.
Ne2 Nh5 10. g4 Qh4+ 11. Kd2 Nf4 12. Kc2 Qf2 13. Bxf4 exf4 14. Nxb5 Qxf3 15. Rg1
Qxe4+ 16. Qd3 Qe7 17. Nxf4 Nd7 18. Qe2 Ne5 19. Nd3 Re8 20. Nxe5 Qd8 21. a3 Rxe5
22. Qd3 Ba5 23. Be2 1/2-1/2

[Event "Online Olym Div3 E 2020"]
[Site "chess.com INT"]
[Date "2020.07.09"]
[Round "7.4"]
[Board "3"]
[White "Moore, Gaybrianna"]
[Black "Corrales Jimenez, Zenia"]
[Result "0-1"]
[BlackTitle "WIM"]
[WhiteElo "1375"]
[BlackElo "2234"]
[WhiteTeam "Barbados"]
[BlackTeam "Mexico"]
[WhiteFideId "11103760"]
[BlackFideId "3506355"]
[EventDate "2020.07.07"]
[EventType "team"]

1. d4 Nf6 2. Bf4 g6 3. e3 d5 4. h3 Bg7 5. Nf3 c5 6. Nbd2 Nc6 7. c3 Qb6 8. Qb3 c4
9. Qxb6 axb6 10. Be2 b5 11. O-O b4 12. Ne5 bxc3 13. bxc3 Nxe5 14. Bxe5 b5 15.
Rfb1 Bd7 16. f3 O-O 17. e4 Ra3 18. Rc1 Bc6 19. Nb1 Ra7 20. exd5 Bxd5 21. Rc2 Nh5
22. Rb2 Bxe5 23. dxe5 Nf4 24. Kf1 Bc6 25. Bd1 Nd3 26. Re2 Rd8 27. Bc2 b4 28.
cxb4 Nxb4 29. Be4 Bb5 30. Nc3 Ba6 31. Rb2 Nd3 32. Bxd3 cxd3 33. Ke1 Rc7 34. Rc1
Rc5 35. f4 g5 36. g3 Rd4 37. Rf2 gxf4 38. gxf4 Rcc4 39. Kd2 Rxf4 40. Rg2+ Kf8 0-1

[Event "Online Olym Div3 E 2020"]
[Site "chess.com INT"]
[Date "2020.07.09"]
[Round "7.4"]
[Board "4"]
[White "Real Pereyra, Diana Carime"]
[Black "Eversley, Kiarra"]
[Result "1-0"]
[WhiteTitle "WIM"]
[WhiteElo "2042"]
[BlackElo "1300"]
[WhiteTeam "Mexico"]
[BlackTeam "Barbados"]
[WhiteFideId "5104106"]
[BlackFideId "11103426"]
[EventDate "2020.07.07"]
[EventType "team"]

1. e4 e5 2. Bc4 Nc6 3. Nc3 Nf6 4. d3 Bc5 5. f4 d6 6. Nf3 a6 7. a3 b5 8. Bb3 Bb7
9. f5 Nd4 10. Nxd4 Bxd4 11. Ne2 Ba7 12. Ng3 Qd7 13. Nh5 Nxh5 14. Qxh5 d5 15. Bg5
Bc5 16. O-O-O Be7 17. Bxe7 Kxe7 18. Qg5+ Kf8 19. f6 Rg8 20. Qxe5 Re8 21. Qh5 Re6
22. fxg7+ Rxg7 23. exd5 Rf6 24. Rhf1 Qd6 25. Rxf6 Qxf6 26. g3 Qg6 27. Qe2 Qg5+
28. Kb1 Bxd5 29. Re1 1-0